[Event "IECG CP.2002.P.00097 email"]
[Site "IECG email"]
[Date "2002.10.01"]
[Round "1"]
[White "Kwik, Tongsoen"]
[Black "Scammon, Craig"]
[Result "1-0"]
[WhiteElo "1400"]
[BlackElo "1315"]
[PlyCount "65"]
[EventDate "2002.10.01"]
[EventType "tourn (corr)"]
[EventRounds "6"]
[EventCountry "ENG"]
[SourceTitle "Corr 2011"]
[Source "ChessBase"]
[SourceDate "2010.08.31"]
[SourceVersion "1"]
[SourceVersionDate "2010.08.31"]
[SourceQuality "1"]

1. e4 c6 2. d4 d5 3. Nc3 dxe4 4. Nxe4 Bf5 5. Ng3 Bg6 6. h4 h6 7. h5 Bh7 8. Nf3 Nd7 9. Bd3 Bxd3 10. Qxd3 e6 11. Bd2 Ngf6 12. 0-0-0 Be7 13. Kb1 c5 14. Ne4 0-0 15. Be3 b6 16. Rhg1 Nxe4 17. Qxe4 Nf6 18. Qb7 Qd7 19. Qxd7 Nxd7 20. g4 Kh7 21. dxc5 Nxc5 22. Ne5 Rac8 23. f4 Rc7 24. g5 hxg5 25. fxg5 Ne4 26. Nxf7 g6 27. hxg6+ Kxg6 28. Ne5+ Kg7 29. Bd4 Kg8 30. Ng6 Rf7 31. Be5 Rb7 32. Nxe7+ Rfxe7 33. Rd8+ 1-0

[Event "IECG RD.2002.0.00003"]
[Site "IECG email"]
[Date "2002.02.20"]
[Round "?"]
[White "Smeltzer, Brent S"]
[Black "Kwik, Tongsoen"]
[Result "0-1"]
[WhiteElo "1223"]
[BlackElo "1400"]
[PlyCount "92"]
[EventDate "2002.02.20"]
[EventType "tourn (corr)"]
[EventRounds "5"]
[SourceTitle "Corr 2024"]
[Source "ChessBase"]
[SourceDate "2023.10.19"]
[SourceVersion "1"]
[SourceVersionDate "2023.10.19"]
[SourceQuality "1"]

1. e4 c5 2. Nf3 d6 3. d4 cxd4 4. Nxd4 Nf6 5. Nc3 a6 6. Be3 e6 7. f3 Be7 8. Qd2 Qc7 9. 0-0-0 Nc6 10. g4 h6 11. Kb1 Ne5 12. h3 b5 13. f4 b4 14. Na4 Nxe4 15. Qxb4 Rb8 16. Nb5 axb5 17. fxe5 d5 18. Bxb5+ Kf8 19. Qb3 Ba6 20. Bb6 Qb7 21. Rhf1 Ra8 22. Rfe1 Bxb5 23. Qxb5 g5 24. Rd4 Kg7 25. Re3 Rxa4 26. Rxa4 Rb8 27. Ka1 Nc5 28. Rb4 Nd7 29. Rbb3 Nxb6 30. Qa5 Bd8 31. a3 Qc7 32. Re2 Nc4 33. Qe1 Rxb3 34. cxb3 Na5 35. Qg3 d4 36. Qd3 Qb7 37. b4 Qh1+ 38. Ka2 Qd5+ 39. b3 Nc6 40. Qc4 Qf3 41. Rh2 Nxe5 42. Qxd4 Bf6 43. Qf2 Qd5 44. Qc5 Qe4 45. Qg1 Nf3 46. Qh1 Qe5 0-1